|
|
|
|
| LEADER |
00000nab a2200000 a 4500 |
| 001 |
vtls000800136 |
| 003 |
SK-MaSNL |
| 005 |
20260323110415.0 |
| 008 |
250429c1999 xo 0 slo |
| 015 |
|
|
|a SNBRB2002/07-23684
|
| 035 |
|
|
|a CLN000151791
|
| 035 |
|
|
|a urn:nbn:sk:snk-ab2esk
|
| 035 |
|
|
|a (urnnbn)urn:nbn:sk:snk:ar-a02bek
|
| 035 |
|
|
|a (uuid)ce41442b-a3f6-481a-94c7-3f1611e4d7e3
|
| 040 |
|
|
|a SNKBUCL
|b slo
|c SNKBUCL
|e AACR2
|
| 041 |
0 |
|
|a slo
|
| 044 |
|
|
|a xo
|c SK
|
| 080 |
|
|
|a 615.281:616.834-002.152
|2 1997
|
| 100 |
1 |
|
|a Černý, Z.
|4 aut
|9 915850
|
| 245 |
1 |
0 |
|a Skúsenosti s liečením pásového oparu acyklovirom
|c Z. Černý
|
| 300 |
|
|
|b Tab.
|
| 504 |
|
|
|a Bibliogr. odkazy
|
| 650 |
0 |
7 |
|a acyklovir
|2 snkbucl
|9 18364
|
| 650 |
0 |
7 |
|a acyklovir
|2 snkbucl
|9 18364
|
| 650 |
0 |
7 |
|a herpes zoster
|x patológia
|x farmakoterapia
|2 snkbucl
|9 1428939
|
| 650 |
0 |
7 |
|a hodnotenie lieku
|x metódy
|x štatistika a číselné údaje
|2 snkbucl
|9 1428940
|
| 650 |
0 |
7 |
|a štúdie klinické
|2 snkbucl
|9 840835
|
| 655 |
|
7 |
|a články z novín a časopisov
|2 snkbucl
|9 267496
|
| 773 |
0 |
|
|t Acta chemotherapeutica
|g Roč. 8, č. 2 (1999), s. 16-24
|x 1335-0579
|
| 850 |
|
|
|a Slovenská národná knižnica
|
| 852 |
|
|
|a Slovenská národná knižnica
|
| 954 |
|
|
|a odborná, vedecká literatúra pôvodná (slovenská)
|2 lita
|
| 958 |
|
|
|a article27
|
| 958 |
|
|
|a MI
|
| 958 |
|
|
|a NB
|
| 958 |
|
|
|a OND
|
| 958 |
|
|
|a EUIPO
|
| 992 |
|
|
|a RBX
|
| 999 |
|
|
|c 2888430
|d 2890360
|